header

Social constructionism, discourse, and realism (Record no. 93189)

MARC details
000 -LEADER
fixed length control field 01389nam a2200373Ia 4500
245 00 - TITLE STATEMENT
Title Social constructionism, discourse, and realism
260 ## - PUBLICATION, DISTRIBUTION, ETC. (IMPRINT)
Place of publication London ;
-- Thousand Oaks, Calif. :
Name of publisher SAGE Publications,
Year of publication 1998.
300 ## - PHYSICAL DESCRIPTION
Number of Pages xii, 159 p.
490 1# - SERIES STATEMENT
Series statement Inquiries in social construction
650 #0 - SUBJECT ADDED ENTRY--TOPICAL TERM
Topical Term Discourse analysis.
Topical Term Social psychology.
Topical Term Social sciences
Topical Term Subjectivity.
700 1# - ADDED ENTRY--PERSONAL NAME
Personal name Parker, Ian,
856 40 - ELECTRONIC LOCATION AND ACCESS
Uniform Resource Identifier http://site.ebrary.com/lib/rucke/Doc?id=10567069

No items available.

© 2026 Rongo University
Contact us: librarian | system librarian | Rongo university